000
00307nam a22001337a 4500
008
170602b xxu||||| |||| 00| 0 eng d
020
_a
9780812242539
041
_a
eng
080
_a
94(100)
100
_a
17
101
_a
SHH
245
_a
THROUGH THE HISTORY OF THE COLD WAR
_c
LUKACS,J
942
_2
udc
_c
BK
999
_c
15547
_d
15547